|
|
|
|
| LEADER |
00000nam a22000007a 4500 |
| 005 |
20210702003431.0 |
| 007 |
cr|||| |||| |
| 008 |
210702s2020 co |||||s|||| 00||0 spa d |
| 020 |
|
|
|a 978-958-792-187-8
|
| 035 |
|
|
|a 33450
|
| 040 |
|
|
|a vLex
|
| 090 |
|
|
|c 11827
|d 11827
|
| 100 |
1 |
|
|a Rocha Medina, Linda Bibiana
|
| 245 |
1 |
0 |
|a Gestin̤ empresarial de la cadena de suministro
|h [Recurso electrn̤ico] /
|c Linda Bibiana Rocha Medina, Alexander Gutiřrez Sǹchez, Felix Francisco Espitia Forero, Pedro Ignacio Moya Espinosa, Lilian Karina De Arco Paternina, Luis Francisco Lp̤ez Castro, Paola Andrea Romero Přez, Omar Ren ̌Bernal Rodrg̕uez, Elio Rossito Hernǹdez Arango, Fredy Alejandro Martn̕ez ℓlvarez, Giancarlo Salazar Pedreros, Armando Ibę̀z Da̕z
|
| 256 |
|
|
|a Servicio en ln̕ea
|
| 260 |
|
|
|a Bogot:̀
|b Ediciones de la U,
|c 2020
|
| 300 |
|
|
|a 1 recurso electrn̤ico
|
| 500 |
|
|
|a Este texto fue elaborado por trece docentes del r̀ea de logs̕tica que trabajan en diferentes universidades colombianas, quienes fueron responsables de trabajar un tema especf̕ico designado de acuerdo a su conocimiento y experiencia. Este libro tiene como props̤ito principal ofrecer una gua̕ de consulta a los estudiantes sobre la logs̕tica empresarial y servir de apoyo a los docentes que imparten asignaturas relacionadas con la cadena de suministro.
|
| 506 |
1 |
|
|a Disponible solo en los productos indicados
|d vLex Global
|d vLex Global (Academic Edition, excluding Law Schools)
|d vLex Global (U.S. Academic Edition, Law Schools)
|d vLex Global (U.S. Academic Edition, excluding Law Schools)
|d vLex Global (Academic Edition, Law Schools)
|
| 650 |
0 |
4 |
|a Administracin̤ (Management)
|z Colombia
|
| 700 |
1 |
|
|a Gutiřrez Sǹchez, Alexander
|
| 700 |
1 |
|
|a Espitia Forero, Felix Francisco
|
| 700 |
1 |
|
|a Moya Espinosa, Pedro Ignacio
|
| 700 |
1 |
|
|a De Arco Paternina, Lilian Karina
|
| 700 |
1 |
|
|a Lp̤ez Castro, Luis Francisco
|
| 700 |
1 |
|
|a Romero Přez, Paola Andrea
|
| 700 |
1 |
|
|a Bernal Rodrg̕uez, Omar Reň
|
| 700 |
1 |
|
|a Hernǹdez Arango, Elio Rossito
|
| 700 |
1 |
|
|a Martn̕ez ℓlvarez, Fredy Alejandro
|
| 700 |
1 |
|
|a Salazar Pedreros, Giancarlo
|
| 700 |
1 |
|
|a Ibę̀z Da̕z, Armando
|
| 740 |
0 |
|
|a vLex Libros (Servicio en ln̕ea)
|
| 856 |
4 |
0 |
|u https://vlex.com/source/gestion-empresarial-de-la-cadena-de-suministro-33450
|z Acceso restringido
|
| 942 |
|
|
|c BOOK
|
| 999 |
0 |
|
|a Management
|